000 00331nam a22001457a 4500
008 210518b ||||| |||| 00| 0 eng d
020 _a9780316544665
041 _aeng
080 _a82
082 _a82
100 _a21
101 _aGJL
245 _aJefferson the President First Term, 1801-1805
_cMalone,D
942 _2udc
_cBK
999 _c57421
_d57421